Cardiac Auscultation. Part 2, Abnormal Heart Sounds. Mitral stenosis /

This instructional video, from the Cardiac Auscultation: Abnormal Heart Sounds series produced by Medcom, Inc., is about murmurs of mitral stenosis.

Bibliographic Details
Format: Video
Language:English
Language Notes:In English.
Published: [Cypress, California] : Medcom, [2011]
Subjects:
Online Access:Connect to this streaming video (Alexander Street Press)

MARC

Tag First Indicator Second Indicator Subfields
LEADER 00000cgm a2200000 i 4500
001 in00005544721
006 m o c
007 cr |n||||||||a
007 vz |za|z|
008 170320s2011 cau001 e o vueng d
005 20241201230111.3
035 |a (OCoLC)ocn981540464 
040 |a ALSTP  |b eng  |e rda  |e pn  |c ALSTP  |d OCLCO  |d OCLCF  |d OCLCQ  |d OCLCO  |d OCLCA  |d OCLCO  |d OCLCQ 
035 |a (OCoLC)981540464 
049 |a TXAM 
245 0 0 |a Cardiac Auscultation.  |n Part 2,  |p Abnormal Heart Sounds.  |p Mitral stenosis /  |c [produced by Medcom, Inc.]. 
264 1 |a [Cypress, California] :  |b Medcom,  |c [2011] 
300 |a 1 online resource (1 min.) 
306 |a 000121 
336 |a two-dimensional moving image  |b tdi  |2 rdacontent 
337 |a video  |b v  |2 rdamedia 
337 |a computer  |b c  |2 rdamedia 
338 |a other  |b vz  |2 rdacarrier 
338 |a online resource  |b cr  |2 rdacarrier 
347 |a data file  |2 rda 
500 |a Title from resource description page (viewed March 20, 2017). 
520 |a This instructional video, from the Cardiac Auscultation: Abnormal Heart Sounds series produced by Medcom, Inc., is about murmurs of mitral stenosis. 
546 |a In English. 
650 0 |a Heart murmurs. 
650 0 |a Mitral valve  |x Stenosis. 
650 2 |a Heart Murmurs 
650 2 |a Mitral Valve Stenosis 
650 6 |a Souffles cardiaques. 
650 6 |a Valvule mitrale  |x Rétrécissement. 
650 7 |a Heart murmurs.  |2 fast  |0 (OCoLC)fst00953736 
650 7 |a Mitral valve  |x Stenosis.  |2 fast  |0 (OCoLC)fst01430776 
655 7 |a Educational films.  |2 fast  |0 (OCoLC)fst01726235 
655 7 |a Film excerpts.  |2 fast  |0 (OCoLC)fst01726130 
655 7 |a Instructional films.  |2 fast  |0 (OCoLC)fst01726236 
655 7 |a Instructional films.  |2 lcgft 
655 7 |a Educational films.  |2 lcgft 
655 7 |a Film excerpts.  |2 lcgft 
655 7 |a Films de formation.  |2 rvmgf 
655 7 |a Films éducatifs.  |2 rvmgf 
710 2 |a Medcom, inc.,  |e production company. 
856 4 0 |u http://proxy.library.tamu.edu/login?url=https://www.aspresolver.com/aspresolver.asp?MARC;3371913  |z Connect to this streaming video (Alexander Street Press)  |t 0 
955 |a Alexander Street Press subscription streaming video 
994 |a 92  |b TXA 
999 f f |s b5fa22e1-855e-4278-8313-5ac91b055ec5  |i d1fe4ab2-2a8f-487c-a9f5-742b17e445e8  |t 0 
952 f f |a Texas A&M University  |b College Station  |c Electronic Resources  |d Available Online  |t 0  |h Library of Congress classification 
998 f f |t 0  |l Available Online